000
00280nam a22001217a 4500
008
181012b xxu||||| |||| 00| 0 eng d
041
_a
eng
080
_a
820
100
_a
46
101
_a
EDU
245
_a
Reading Modern Poetry a Critical Anthology
_c
Engle,P
942
_2
udc
_c
BK
999
_c
49579
_d
49579